Austria and Switzerland (Record no. 78671)
[ view plain ]
| 000 -LEADER | |
|---|---|
| fixed length control field | 00957cab a22001935a 4500 |
| 001 - CONTROL NUMBER | |
| control field | L137604 |
| 008 - FIXED-LENGTH DATA ELEMENTS--GENERAL INFORMATION | |
| fixed length control field | 070418e20070416xxkd f 000 0 eng d |
| 035 ## - SYSTEM CONTROL NUMBER | |
| System control number | (Sirsi) u137604 |
| 041 0# - LANGUAGE CODE | |
| Language code of text/sound track or separate title | eng |
| 245 00 - TITLE STATEMENT | |
| Title | Austria and Switzerland |
| 260 ## - PUBLICATION, DISTRIBUTION, ETC. | |
| Date of publication, distribution, etc. | 2007 |
| 490 #0 - SERIES STATEMENT | |
| Series statement | EuroProperty |
| Volume/sequential designation | 16 April 2007, 27-31(5) |
| 520 ## - SUMMARY, ETC. | |
| Summary, etc. | Reviews the property market in these two countries suggesting that, although mostly overlooked by international investors until recently, stronger economic growth figures and loosening regulations are now attracting willing buyers. Investors are attracted to Austria by the country's stability and geography. Switzerland appeals because of rapid economic growth, but can cause some problems because of market secrecy and the widely differing tax systems of its 26 cantons. |
| 590 ## - LOCAL NOTE (RLIN) | |
| Local note | KA |
| 651 #4 - SUBJECT ADDED ENTRY--GEOGRAPHIC NAME | |
| Geographic name | AUSTRIA |
| 651 #4 - SUBJECT ADDED ENTRY--GEOGRAPHIC NAME | |
| Geographic name | SWITZERLAND |
| 690 ## - LOCAL SUBJECT ADDED ENTRY--TOPICAL TERM (OCLC, RLIN) | |
| Topical term or geographic name as entry element | PROPERTY-COMMERCIAL PROPERTY-OFFICE PROPERTY-OFFICE PROPERTY MARKET |
| 942 ## - ADDED ENTRY ELEMENTS (KOHA) | |
| Suppress in OPAC | 0 |
| Withdrawn status | Lost status | Source of classification or shelving scheme | Damaged status | Not for loan | Home library | Current library | Shelving location | Date acquired | Total Checkouts | Full call number | Barcode | Date last seen | Copy number | Price effective from | Koha item type |
|---|---|---|---|---|---|---|---|---|---|---|---|---|---|---|---|
| Dewey Decimal Classification | London | London | Journal article | 18/04/2007 | L137604 | 137604-1001 | 06/08/2019 | 1 | 06/08/2019 | Journal article |